00685nam a2200205Ia 4500003000900000008004100009020002200050040001600072080001300088100002700101245008600128250001200214260002700226650003000253650003300283650002500316942000700341999001500348952011600363IN-BaIIA211028s9999 xx 000 0 eng d a978-0-582-45023-3 cIIA Library a531bKIB aKibble, T. W. B914222 0aClassical mechanicscT. W. B. Kibble  a3rd ed. aLondonbLongmansc1985 aClassical mechanics91541 aHamiltonian mechanics914223 aLinear motion914224 cBK c8490d8490 00104070aBANbBANcGENd1985-10-14g166.55l0o531/ KIBp9355r2021-11-05v166.55w1985-10-14yBKGRs.166.55